| 000 | 00626nam a2200193 i 4500 | ||
|---|---|---|---|
| 001 | 34694 | ||
| 003 | ES-MaACL | ||
| 005 | 20230906154959.0 | ||
| 007 | t| | ||
| 008 | 030207s1981 xxk ||||1| eng d | ||
| 100 | 1 |
_aBleikasten, Aimée. _929471 |
|
| 245 | 1 | 0 |
_aArp bibliographie _b: . Volume I. Ecrits / _cdichtung by Aimée Bleakasten. |
| 260 |
_a[London] : _bGrant & Cutler Ltd, _c1981. |
||
| 300 |
_a173 p. ; _c23 cm. |
||
| 490 | 1 |
_aResearch bibliographies and checklists ; _v31.1 |
|
| 830 | 0 |
_aResearch bibliographies and checklists ; _v31.1 _9183664 |
|
| 852 |
_aES-MaACL _jL-2235 _bR.103320 |
||
| 999 |
_c34694 _d34694 |
||